000 04910nab a2200289 i 4500
003 BR-BrBNA
005 20240610124049.0
008 240610b2015 bl.qr|pooa||| 00| 0 por |
040 _aBR-BrBNA
_bpor
072 _aF60
072 _aS01
100 _aBerti, A.P.
100 _aPacheco, L.S.
100 _aRocha, C.L.M.S.C.
245 _aEfeito da Aloe arborescens Miller e da Aloe barbadensis Miller sobre o desenvolvimento vegetativo em Aspergillus nidulans
500 _aPublicação on-line; 34 ref.; 1 table; 6 illus.; Summaries (En, Pt)
520 _a RESUMO: A pesquisa de produtos naturais benéficos à saúde humana vem crescendo nos últimos 20 anos. Considerando que as plantas de Aloe são amplamente utilizadas pela população humana, em geral de maneira terapêutica, o objetivo deste estudo foi avaliar os efeitos de Aloe arborescens Miller e Aloe barbadensis Miller, sobre o desenvolvimento vegetativo de linhagens normais e mutantes de Aspergillus nidulans. Conídios da linhagem biA1methG1, MSE e CLB3 de A. nidulans, foram inoculados em meio completo sem (Controle) e com extratos das duas espécies incubados por 2, 4, 6 e 8 horas a 37ºC, no escuro. Foi analisado em microscópio óptico, 200 conídios de cada tratamento. Para o desenvolvimento das colônias, as linhagens foram inoculadas no centro das placas juntamente com o meio de cultura sólido e sobre a membrana de diálise, visando a medição do diâmetro e do peso. A análise estatística foi baseada no teste de Tukey e todos os procedimentos experimentais foram conduzidos em triplicata. Todas as linhagens apresentaram interferências positivas quando expostas às plantas de Aloe, porém, de maneira variada. Ambas as espécies aceleraram a germinação em todas as linhagens testadas e atuaram na redução significativa de conídios mortos e/ou malformados. Em relação ao desenvolvimento vegetativo, todos os dados referentes ao peso úmido e diâmetro corrigido dos tratamentos demonstraram progressos, contudo, a razão diâmetro/peso apresentou somente na linhagem MSE, ação favorável dos tratamentos naturais. As informações deste estudo sugerem benefícios de A. arborescens e A. barbadensis, justificando a importância e continuidade da investigação, para melhor elucidar os mecanismos de ação dessas plantas. Palavras-chave: Plantas medicinais, Babosa, Germinação, Crescimento vegetativo.
520 _a ABSTRACT: Effects of the Aloe arborescens Millerand Aloe barbadensis Milleron over vegetative growth in the Aspergillus nidulans. The researches about natural products that arebeneficial to human health have been growing over the past 20 years. Since Aloe plants are broadly used by the general population, frequently due to therapeutic reasons, the objective of this study was to evaluate the effects of Aloe arborescens Millerand Aloe barbadensis Miller on the vegetative growth of normal and mutant strains of Aspergillus nidulans. The conidia of the biA1methG1, MSE and CLB3 strains of A. nidulans were inoculated in complete environment without (control) and with extracts of two species of Aloeincubated for 2, 4, 6 and 8 hours at 37°C. 200 conidia were analyzed by optical microscopy. For the development of the colonies, the strains were inoculated in the center of the plates together with the solid environment of the cultivation and over the dialysis membrane for measuring the diameter and weighing. The statistical analysis was based on the Tukey test and all experimental procedures were performed in triplicate. All strains showed positive interference when exposed to Aloe plants, however, through different manners. Both species have accelerated the germination in all tested strains and acted in the significant reduction of dead and / or malformed conidia. Regarding the vegetative growth, all data related to wet weight and corrected diameter of the treatments revealed progress, however, the ratio diameter/weightpresented improvement only in the MSE lineage, favorable action of natural treatments. The information from this study suggest that A. arborescens and A. barbadensis are beneficial, thus justifying the importance of research maintenance in order to better elucidate the action mechanisms of these plants. Keywords: Medicinal plants, Aloe, Germination, Vegetative growth, Antioxidants.
650 _aPLANTA MEDICINAL
650 _aBABOSA
650 _aGERMINAÇÃO
650 _aCRESCIMENTO
773 0 _03543
_9315781
_dBotucatu-SP Instituto de Biociências - Departamento de Química e Bioquímica 1998
_o2024-2143
_tRevista Brasileira de Plantas Medicinais (Brazil)
_x1516-0572
_gv. 17(4) p. 534-542; (2015)
_wBR2024001377
856 _uhttps://www.scielo.br/j/rbpm/a/wjZW5V8Ng4HtrpHNnM8WK3L/?format=pdf&lang=pt
942 _cAnalítica
999 _c299978
_d299978